'A' Religion Quiz Stats

 Plays Quiz Updated Aug 12, 2014

Support Sporcle.
Go Orange.
Score 0/32 Timer 10:00
5 Plays Today
Clue 'A'Word or Name % Correct
The first man according to GenesisAdam
97.7%
Boat built by NoahArk
88.9%
A name for God used by some religions, including MuslimsAllah
86.1%
Heavenly beings that sometimes serve as messengers from God or as guardians.Angels
85.4%
The twelve men specially chosen by Jesus.Apostles
83.7%
Man killed by his brother Cain.Abel
80%
This word, usually found at the end of a prayer, is an affirmation of faith and belief.Amen
78.2%
God made a covenant with this patriarch of the Israelites.Abram or Abraham
76.9%
A religious denomination known for simple living, plain dress, and reluctance to adopt modern conveniencesAmish
72.5%
Events as described in the Book of Revelation; the Four Horsemen of the ___________Apocalypse
68.9%
A bishop of an elevated rank who presides over other bishops in a well defined districtArchbishop
68.3%
The term for Jesus' rising to HeavenAscension
66.6%
Worshipped in both ancient Greek and Roman religions, he's an Olympian deity and the son of Zeus.Apollo
64%
Ancient Greek goddess of love and beautyAphrodite
64%
Yom Kippur is also known as the Day of _______.Atonement
58.8%
Christian holy day celebrating holy men and women who have died. Celebrated November 1 in Western churches.All Saints Day
57.4%
Clue 'A'Word or Name % Correct
A sacred chest described in the Bible as containing the Tablets of Stone on which the Ten Commandments were inscribedArk of the Covenant
57.1%
New Testament book which follows the gospels and contains Saul's conversion.Acts
57.1%
From Latin meaning 'coming', the period of time for reflection & prayer beginning four Sundays before Christmas.Advent
56.2%
A.D. is an abbreviation for this Latin term meaning 'year of our Lord'.Anno Domini
54.7%
The day of fasting and prayer that begins the Lenten seasonAsh Wednesday
54.6%
Fisherman who was Peter's brother who also became an apostle.Andrew
53.1%
Forgiveness of sins pronounced by a priest in the Sacrament of ReconciliationAbsolution
43.5%
An Aramaic word for father used by some when addressing GodAbba
42.5%
Egyptian gods are often depicted holding this symbol of a cross with a loop; known as the 'key of life' or 'key of the Nile'Ankh
40.7%
Egyptian god of embalming and the dead; he has the body of a man and the head of a jackalAnubis
38.8%
A Greek word for love that is found in the New Testament encompassing love for all humanityAgape
33.7%
One who assists the celebrant in liturgical rites.Acolyte or altar server
29.8%
The feast commemorating the angel Gabriel appearing to Mary to tell her that she would bear God's sonAnnunciation
27.4%
Belief that everything in the universe, e.g., humans, animals, plant life, rocks, etc. contain a life force, soul or spiritAnimism
26.9%
In Hinduism, it is the earthly descent, incarnation, or manifestation of GodAvatara or Avatar
17.5%
Islamic call to prayerAdhan
9.9%

You're not logged in!

Compare scores with friends on all Sporcle quizzes.
OR
Log In

From the Vault

Top 25 Non-Humans in Harry Potter

by dudemanbearpig

The fact that some of these characters refer to themselves in the third person will surely help you out.
Remove Ads.
Support Sporcle.
Get the best of Sporcle when you Go Orange. This ad-free experience offers more features, more stats, and more fun while also helping to support Sporcle. Thank you for becoming a member.

Show Comments

Extras

Top Quizzes Today


Score Distribution

Your Account Isn't Verified!

In order to create a playlist on Sporcle, you need to verify the email address you used during registration. Go to your Sporcle Settings to finish the process.

Report this User

Report this user for behavior that violates our Community Guidelines.

Details: